| 000 | 01097nam a2200277Ia 4500 | ||
|---|---|---|---|
| 999 |
_c54186 _d54186 |
||
| 001 | 21242 | ||
| 003 | GE_BSU | ||
| 005 | 20211011163653.0 | ||
| 008 | 181216s2014||||ru |||||||||||||| ||rus|| | ||
| 020 | _a9789941936104 | ||
| 040 | _cGE_BSU | ||
| 041 | _arus | ||
| 080 | _a330.34 А-14 | ||
| 100 |
_aАбесадзе, Рамаз _912642 |
||
| 245 |
_aСтруктурные и инновационные проблемы экономического развития / _cРамаз Абесадзе, Вахтанг Бурдули ; Ред. Г. Берулава. |
||
| 264 |
_aТбилиси : _b[?], _c2014. |
||
| 300 |
_a371 стр. ; _c21 см. |
||
| 520 | _aПарал. загл. на англ. языке | ||
| 541 | _h8 л. 20т. | ||
| 653 | _aСтруктурные и инновационные проблемы экономического развития | ||
| 653 | _aЭкономика | ||
| 653 | _aეკონომიკა | ||
| 700 |
_aБурдули, Вахтанг _eавтор _912643 |
||
| 700 |
_aБерулава, Г. _eредактор _912644 |
||
| 942 |
_cBK _2udc |
||